| 000 | 00467cam a2200169ua 4500 | ||
|---|---|---|---|
| 020 | _a0-12-774561-0 | ||
| 041 |
_aeng _h |
||
| 082 |
_a028.71006 _bYOU/HA |
||
| 100 | _aYoung, Tzay Y . | ||
| 245 | 0 | 0 |
_aHandbook of pattern recognition and image processing: Computer vision, Vol 2 / _cTzay Y Young. _hTextual Documents |
| 250 |
_a1 / _b. |
||
| 260 |
_aNew York : _bAcademic Press , _c1986. |
||
| 300 | _a584 ; . | ||
| 504 | _a | ||
| 942 | _cBK | ||
| 999 |
_c8998 _d8998 |
||